LDR 00781naa#a2200181#i#450# 001 RU\\bibl\118689 005 20260514214606.4 011 ## _a1994-4683 100 ## _a20230428b2023####ek#y0rusy0150####ca 102 ## _aRU 200 1# _aМОДЕЛЬ РАЗВИТИЯ ПРОФЕССИОНАЛЬНОГО ДЗЮДО В РОССИИ _eЖурнальная статья 210 1# _aМосква _cНациональный государственный Университет физической культуры, спорта и здоровья им. П.Ф. Лесгафта _d2023 215 ## _a4 с. 608 ## _aЖурнальная статья _2local 675 ## _aДзюдо. 796.853.23 _z 700 #1 _aЕрегина _gС В 700 #1 _aТарасенко _gК Н 856 4# _auchzapiski.lesgaft.spb.ru _u